[Event "9.Camp. Veneto Individuale Finale"]
[Site "Venezia S.Leonardo"]
[Date "1990.11.11"]
[Round "3.2"]
[White "Rosino, Antonio"]
[Black "Santolini, Luigi"]
[Result "1/2-1/2"]
[WhiteElo "2320"]
[BlackElo "2240"]
[Annotator "Gabriele Ballarin"]
[PlyCount "32"]
[EventDate "1990.11.10"]
[EventType "swiss"]
[EventRounds "4"]
[EventCountry "ITA"]

1. e4 c6 2. d4 d5 3. Nc3 dxe4 4. Nxe4 Bf5 5. Ng3 Bg6 6. h4 h6 7. Nf3 Nd7 8. h5 Bh7 9. Bd3 Bxd3 10. Qxd3 e6 11. Bf4 Qa5+ 12. Bd2 Qc7 13. O-O-O O-O-O 14. Ne4 Ngf6 15. g3 Nxe4 16. Qxe4 Be7 1/2-1/2

[Event "9.Camp. Veneto Individuale Finale"]
[Site "Venezia S.Leonardo"]
[Date "1990.11.11"]
[Round "3.3"]
[White "Negro, Roberto"]
[Black "Simoli, Sergio"]
[Result "1-0"]
[WhiteElo "2154"]
[BlackElo "2225"]
[Annotator "Gabriele Ballarin"]
[PlyCount "106"]
[EventDate "1990.11.10"]
[EventType "swiss"]
[EventRounds "4"]
[EventCountry "ITA"]

1. d4 Nf6 2. c4 g6 3. Nc3 Bg7 4. e4 d6 5. Nf3 O-O 6. Be2 Na6 7. O-O e5 8. Re1 exd4 9. Nxd4 Re8 10. Be3 c6 11. Bg5 h6 12. Bf4 Nc5 13. f3 Nh5 14. Be3 a5 15. Qd2 Kh7 16. Rad1 Qb6 17. Nb3 Nxb3 18. Bxb6 Nxd2 19. Rxd2 Re6 20. Bc7 Bf8 21. Na4 d5 22. cxd5 cxd5 23. Rxd5 Rc6 24. Nb6 Rxc7 25. Nxa8 Rc2 26. Rb5 Bc5+ 27. Kh1 Be6 28. Bd3 Rd2 29. Rxc5 Rxd3 30. Nc7 Bxa2 31. Rxa5 Bc4 32. Rc5 Rd4 33. Nd5 Bxd5 34. exd5 Nf4 35. Rc7 g5 36. g3 Nd3 37. Ree7 Kg6 38. Rxb7 Rxd5 39. Rxf7 Ne5 40. Rf8 h5 41. Rb6+ Kg7 42. Ra8 Rd7 43. Kg2 g4 44. fxg4 hxg4 45. Ra5 Nf3 46. Kf2 Rf7 47. Ke3 Re7+ 48. Kf4 Nxh2 49. Rg5+ Kf8 50. Rf6+ Ke8 51. Rg8+ Kd7 52. Ra8 Re1 53. Ra7+ Ke8 1-0

[Event "9.Camp. Veneto Individuale Finale"]
[Site "Venezia S.Leonardo"]
[Date "1990.11.11"]
[Round "3.4"]
[White "Fabris, Alberto"]
[Black "Govoni, Fausto"]
[Result "1-0"]
[WhiteElo "2220"]
[BlackElo "2053"]
[Annotator "Gabriele Ballarin"]
[PlyCount "89"]
[EventDate "1990.11.10"]
[EventType "swiss"]
[EventRounds "4"]
[EventCountry "ITA"]

1. e4 c5 2. d4 cxd4 3. c3 dxc3 4. Nxc3 Nc6 5. Nf3 d6 6. Bc4 e6 7. O-O Qc7 8. Bf4 Ne5 $2 9. Nxe5 dxe5 10. Bb5+ Bd7 11. Bxe5 Qd8 12. Qe2 a6 13. Bxd7+ Qxd7 14. Rfd1 Qc6 15. Rac1 Rc8 16. a4 Ne7 17. Nb5 axb5 18. Rxc6 Nxc6 19. Qxb5 f6 20. Qxb7 Ne7 21. Bc3 Kf7 22. Rd7 Rc4 23. a5 Kg6 24. a6 Nc6 25. a7 Nxa7 26. Qxa7 Rg8 27. Qa8 h6 28. Qe8+ Kh7 29. Qxe6 Rc8 30. Qxf6 Rc5 31. g3 Rg5 32. h4 Rg6 33. Qf5 h5 34. Qxh5+ Rh6 35. Qf5+ Kh8 36. Rd8 Be7 37. Bxg7+ Kxg7 38. Qg4+ Kf6 39. Rxg8 Ke5 40. Qf4+ Kd4 41. Qxh6 Bc5 42. Qe6 Kd3 43. Rd8+ Bd4 44. Rxd4+ Kxd4 45. Qd5# 1-0

[Event "9.Camp. Veneto Individuale Finale"]
[Site "Venezia S.Leonardo"]
[Date "1990.11.11"]
[Round "4.1"]
[White "Godena, Michele"]
[Black "Santolini, Luigi"]
[Result "1/2-1/2"]
[WhiteElo "2405"]
[BlackElo "2230"]
[Annotator "Gabriele Ballarin"]
[PlyCount "21"]
[EventDate "1990.11.10"]
[EventType "swiss"]
[EventRounds "4"]
[EventCountry "ITA"]

1. e4 c6 2. d4 d5 3. Nd2 dxe4 4. Nxe4 Bf5 5. Ng3 Bg6 6. h4 h6 7. Nf3 Nd7 8. h5 Bh7 9. Bd3 Bxd3 10. cxd3 e6 11. Bf4 1/2-1/2

[Event "9.Camp. Veneto Individuale Finale"]
[Site "Venezia S.Leonardo"]
[Date "1990.11.11"]
[Round "4.2"]
[White "Negro, Roberto"]
[Black "Fabris, Alberto"]
[Result "1-0"]
[WhiteElo "2154"]
[BlackElo "2220"]
[Annotator "Gabriele Ballarin"]
[PlyCount "164"]
[EventDate "1990.11.10"]
[EventType "swiss"]
[EventRounds "4"]
[EventCountry "ITA"]

1. d4 Nf6 2. c4 e5 3. dxe5 Ng4 4. Nf3 Nc6 5. Bg5 Be7 6. Bxe7 Qxe7 7. Nc3 Ngxe5 8. Nd5 Nxf3+ 9. gxf3 Qd8 10. Rg1 O-O 11. Qd2 Kh8 12. Qg5 Qxg5 13. Rxg5 Nd4 14. Nxc7 Rb8 15. O-O-O Ne6 16. Nxe6 dxe6 17. Rc5 g6 18. f4 Kg7 19. Rc7 Kf6 20. Bg2 h6 21. Rd3 g5 22. fxg5+ hxg5 23. Rb3 Rh8 24. Rf3+ Ke5 25. Rfxf7 Rxh2 26. Bf3 Rxf2 27. Rg7 Kf4 28. Rg8 e5 29. Rcxc8 Rxc8 30. Rxc8 e4 31. Bh5 Rh2 32. Rf8+ Ke3 33. Bg6 Rxe2 34. Re8 Kd3 35. Kd1 Rxb2 36. Bxe4+ Kxc4 37. Rg8 Kd4 38. Bf5 Rxa2 39. Rxg5 b6 40. Rg4+ Kc3 41. Rg3+ Kb4 42. Bc2 Ra1+ 43. Kd2 Ra3 44. Rg4+ Kc5 45. Kc1 Ra1+ 46. Kb2 Ra5 47. Kc3 Ra3+ 48. Bb3 Ra5 49. Rc4+ Kd6 50. Rh4 Kc5 51. Rc4+ Kd5 52. Kb4 Ke5 53. Rc6 Kd4 54. Rd6+ Ke5 55. Rd7 Ke4 56. Bc4 Ke5 57. Bb5 Ke6 58. Rd1 Ke5 59. Kc4 Ke6 60. Rb1 Ke5 61. Rb2 Ke6 62. Kd4 Kd6 63. Rb1 Ke6 64. Bc4+ Kd6 65. Rh1 Ra4 66. Rh6+ Ke7 67. Kc3 Ra3+ 68. Bb3 Ra5 69. Kd4 Kd7 70. Bd5 Ra1 71. Ke5 Re1+ 72. Be4 Kc7 73. Rh2 Kb8 74. Rh7 Rd1 75. Rb7+ Kc8 76. Rxa7 b5 77. Bd5 Kb8 78. Rb7+ Kc8 79. Rxb5 Kc7 80. Rb7+ Kc8 81. Rh7 Kb8 82. Kd6 Rb1 1-0

[Event "9.Camp. Veneto Individuale Finale"]
[Site "Venezia S.Leonardo"]
[Date "1990.11.11"]
[Round "4.3"]
[White "Simoli, Sergio"]
[Black "Sartori, Spartaco"]
[Result "0-1"]
[WhiteElo "2225"]
[BlackElo "2270"]
[Annotator "Gabriele Ballarin"]
[PlyCount "66"]
[EventDate "1990.11.10"]
[EventType "swiss"]
[EventRounds "4"]
[EventCountry "ITA"]

1. e4 e6 2. d4 d5 3. Nc3 Bb4 4. e5 c5 5. a3 Bxc3+ 6. bxc3 Ne7 7. Nf3 Bd7 8. a4 Qa5 9. Bd2 Nbc6 10. Bb5 f6 11. Bxc6 Nxc6 12. O-O fxe5 13. dxe5 Qc7 14. Re1 O-O 15. c4 dxc4 16. Bc3 Ne7 17. Qe2 Bc6 18. Ng5 Bd5 19. Qg4 Rf5 20. Rad1 Qc6 21. Nxh7 Kxh7 22. Qh4+ Kg6 23. Qxe7 Rg5 24. f3 Re8 25. Qd6 Bxf3 26. g3 Bxd1 27. Qxd1 Rf8 28. Bd2 Rgf5 29. Qg4+ Kh7 30. Bf4 Qxa4 31. Rd1 Qe8 32. Rd6 Qf7 33. h4 Rxe5 0-1

[Event "9.Camp. Veneto Individuale Finale"]
[Site "Venezia S.Leonardo"]
[Date "1990.11.11"]
[Round "4.4"]
[White "Govoni, Fausto"]
[Black "Rosino, Antonio"]
[Result "1-0"]
[WhiteElo "2053"]
[BlackElo "2320"]
[Annotator "Gabriele Ballarin"]
[PlyCount "79"]
[EventDate "1990.11.10"]
[EventType "swiss"]
[EventRounds "4"]
[EventCountry "ITA"]

1. e4 e5 2. Nc3 Nf6 3. Bc4 Nxe4 4. Qh5 Nd6 5. Bb3 Be7 6. Nf3 Nc6 7. Nxe5 O-O 8. Nxc6 dxc6 9. d3 Bf5 10. O-O Qd7 11. Bg5 Rae8 12. Rae1 Bg6 13. Qh4 Nf5 14. Qg4 Bxg5 15. Qxg5 Nd4 16. Re3 Nxb3 17. axb3 f6 18. Qg3 Qd6 19. Qh4 Rxe3 20. fxe3 Re8 21. Rf3 Re5 22. Qf2 Ra5 23. g3 Ra1+ 24. Kg2 Qe6 25. Rf4 b5 26. b4 h6 27. g4 a5 28. bxa5 Rxa5 29. b4 Ra8 30. Ne2 h5 31. h4 hxg4 32. Ng3 Re8 33. e4 Qd6 34. Rxg4 Kf7 35. h5 Bh7 36. Nf5 Bxf5 37. Qxf5 Rg8 38. h6 g6 39. h7 Rg7 40. h8=Q 1-0

[Event "51.C.to Italiano"]
[Site "Chianciano Terme ITA"]
[Date "1991.12.22"]
[Round "11.4"]
[White "Bellia, Fabrizio"]
[Black "Passerotti, Pierluigi"]
[Result "1/2-1/2"]
[WhiteElo "2270"]
[BlackElo "2320"]
[Annotator "Gabriele Ballarin"]
[PlyCount "22"]
[EventDate "1991.12.11"]
[EventType "tourn"]
[EventRounds "11"]
[EventCountry "ITA"]
[EventCategory "4"]

1. e4 e5 2. Nf3 Nc6 3. Bb5 a6 4. Ba4 Nf6 5. O-O Be7 6. Re1 b5 7. Bb3 O-O 8. c3 d5 9. exd5 Nxd5 10. Nxe5 Nxe5 11. Rxe5 c6 1/2-1/2

[Event "20. Camp. Ital. Femminile"]
[Site "Formia ITA"]
[Date "1992.09.11"]
[Round "1.2"]
[White "Fittante, Giuliana"]
[Black "Gramignani, Rita"]
[Result "0-1"]
[WhiteElo "1784"]
[BlackElo "1930"]
[Annotator "Ballarin,Gabriele"]
[PlyCount "82"]
[EventDate "1992.09.11"]
[EventType "swiss"]
[EventRounds "9"]
[EventCountry "ITA"]
[SourceTitle "EXT 1998"]
[Source "ChessBase"]
[SourceDate "1997.11.17"]
[SourceVersion "1"]
[SourceVersionDate "1997.11.17"]
[SourceQuality "1"]

1. d4 Nf6 2. c4 g6 3. Nc3 Bg7 4. e4 d6 5. Nf3 Nbd7 6. Be2 O-O 7. O-O e5 8. dxe5 dxe5 9. Be3 c6 10. h3 Qe7 11. Qc2 a5 12. Na4 Nh5 13. Rfd1 Nf4 14. Bf1 Qf6 15. g3 Ne6 16. Bg2 Qe7 17. Nb6 Nxb6 18. Bxb6 a4 19. Rd3 Nc5 20. Ra3 Be6 21. Rd1 Ra6 22. Bxc5 Qxc5 23. Rxa4 Rxa4 24. Qxa4 Qxc4 25. Qxc4 Bxc4 26. Rd7 Rb8 27. a3 Bf6 28. Rd6 Be6 29. Kf1 Ra8 30. Ke2 Be7 31. Rd2 f6 32. g4 h6 33. Ne1 Kf8 34. Nc2 Ke8 35. Ne3 Ra4 36. Ke1 Bd8 37. Rc2 Rd4 38. Ke2 Ba5 39. Nd1 Bb3 40. Ne3 Bxc2 41. Nxc2 Rd2+ 0-1

[Event "20. Camp. Ital. Femminile"]
[Site "Formia ITA"]
[Date "1992.09.12"]
[Round "2.2"]
[White "Gramignani, Rita"]
[Black "Parrino, Giuseppina"]
[Result "1-0"]
[WhiteElo "1930"]
[BlackElo "1546"]
[Annotator "Ballarin,Gabriele"]
[PlyCount "47"]
[EventDate "1992.09.11"]
[EventType "swiss"]
[EventRounds "9"]
[EventCountry "ITA"]
[SourceTitle "EXT 1998"]
[Source "ChessBase"]
[SourceDate "1997.11.17"]
[SourceVersion "1"]
[SourceVersionDate "1997.11.17"]
[SourceQuality "1"]

1. e4 e5 2. Nf3 Nc6 3. Bb5 Bc5 4. c3 d6 5. O-O a6 6. Ba4 b5 7. Bb3 Nf6 8. d3 O-O 9. h3 Bb7 10. Nbd2 Ba7 11. Re1 Ne7 12. Nf1 Ng6 13. Ng3 c6 14. Bg5 h6 15. Bd2 Re8 16. Nh2 d5 17. Qf3 Nh4 18. Qe2 dxe4 19. dxe4 c5 20. Rad1 Qe7 21. Ng4 Ng6 22. Nf5 Qf8 23. Nxf6+ gxf6 24. Bxh6 1-0

[Event "20. Camp. Ital. Femminile"]
[Site "Formia ITA"]
[Date "1992.09.13"]
[Round "3.4"]
[White "Brunetti, Elvira"]
[Black "Chiapponi, Paola"]
[Result "1-0"]
[WhiteElo "1528"]
[BlackElo "1662"]
[Annotator "Ballarin,Gabriele"]
[PlyCount "99"]
[EventDate "1992.09.11"]
[EventType "swiss"]
[EventRounds "9"]
[EventCountry "ITA"]
[SourceTitle "EXT 1998"]
[Source "ChessBase"]
[SourceDate "1997.11.17"]
[SourceVersion "1"]
[SourceVersionDate "1997.11.17"]
[SourceQuality "1"]

1. d4 d5 2. Nf3 Nf6 3. Bf4 e6 4. e3 Nbd7 5. Nbd2 Be7 6. Bd3 O-O 7. O-O b6 8. c3 Bb7 9. h3 c5 10. Ne5 c4 11. Bc2 b5 12. Re1 a5 13. e4 dxe4 14. Bxe4 Nxe4 15. Nxe4 Nf6 16. Nxf6+ Bxf6 17. Qg4 Qd5 18. Re3 h5 19. Qg3 Bh4 20. Qh2 b4 21. Nf3 Bf6 22. Qg3 Kh8 23. Ng5 Qf5 24. Rae1 Bd5 25. Qh4 Qg6 26. Rg3 Kg8 27. Be5 Be7 28. Bxg7 Qxg7 29. Qxh5 Rfb8 30. Ne4 Qxg3 31. Nxg3 Bf6 32. Qg4+ Kf8 33. Nh5 Ke7 34. Nxf6 Kxf6 35. Re5 Rg8 36. Qh4+ Kg7 37. Rg5+ Kf8 38. Rxg8+ Kxg8 39. Qg4+ Kf8 40. Qh5 Ke7 41. Qg5+ Kd7 42. Qg7 Ke7 43. h4 bxc3 44. bxc3 Rb8 45. a4 Rb2 46. Qg5+ Kd6 47. Qd8+ Kc6 48. Qxa5 Rb1+ 49. Kh2 Rb2 50. Qc5+ 1-0

[Event "20. Camp. Ital. Femminile"]
[Site "Formia ITA"]
[Date "1992.09.13"]
[Round "3.11"]
[White "Fittante, Giuliana"]
[Black "Damasco, Rossana"]
[Result "1/2-1/2"]
[WhiteElo "1784"]
[BlackElo "1764"]
[Annotator "Ballarin,Gabriele"]
[PlyCount "92"]
[EventDate "1992.09.11"]
[EventType "swiss"]
[EventRounds "9"]
[EventCountry "ITA"]
[SourceTitle "EXT 1998"]
[Source "ChessBase"]
[SourceDate "1997.11.17"]
[SourceVersion "1"]
[SourceVersionDate "1997.11.17"]
[SourceQuality "1"]

1. Nf3 Nf6 2. b3 d6 3. Bb2 e5 4. e3 Bg4 5. Be2 Be7 6. c4 c5 7. Nc3 Nc6 8. O-O O-O 9. d4 e4 10. Ng5 Bxe2 11. Nxe2 h6 12. Nh3 Nb4 13. Ng3 Qc8 14. Nf4 Bd8 15. d5 Re8 16. a3 Na6 17. Nfh5 Nxh5 18. Qxh5 Bg5 19. Rae1 g6 20. Qe2 Qd8 21. Qc2 Qe7 22. Qc3 f6 23. Ne2 Nc7 24. g3 h5 25. h4 Bh6 26. Qxf6 Qxf6 27. Bxf6 b5 28. Rb1 Bg7 29. Bxg7 Kxg7 30. Rfd1 a5 31. Nf4 Kf6 32. Rd2 b4 33. Ra1 Reb8 34. Rda2 Kf5 35. Kg2 Kf6 36. Kh3 Kf5 37. Kg2 Kf6 38. f3 exf3+ 39. Kxf3 Kg7 40. e4 bxa3 41. Rxa3 a4 42. bxa4 Rb4 43. a5 Rxc4 44. Rb1 Rb4 45. Rxb4 cxb4 46. Ra1 Na6 1/2-1/2

[Event "20. Camp. Ital. Femminile"]
[Site "Formia ITA"]
[Date "1992.09.14"]
[Round "4.2"]
[White "Agosto, Erika"]
[Black "De Maio, Anna"]
[Result "1-0"]
[WhiteElo "1884"]
[BlackElo "1400"]
[Annotator "Ballarin,Gabriele"]
[PlyCount "23"]
[EventDate "1992.09.11"]
[EventType "swiss"]
[EventRounds "9"]
[EventCountry "ITA"]
[SourceTitle "EXT 1998"]
[Source "ChessBase"]
[SourceDate "1997.11.17"]
[SourceVersion "1"]
[SourceVersionDate "1997.11.17"]
[SourceQuality "1"]

1. e4 e5 2. Nf3 Nc6 3. Nc3 Nf6 4. d4 exd4 5. Nd5 Be7 6. Nxd4 Nxe4 7. Nf5 g6 8. Nfxe7 Nxe7 9. Qd4 Nxd5 10. Qxh8+ Ke7 11. Qe5+ Kf8 12. Bh6+ 1-0

[Event "20. Camp. Ital. Femminile"]
[Site "Formia ITA"]
[Date "1992.09.14"]
[Round "4.13"]
[White "Fittante, Giuliana"]
[Black "Thaler, Rosamunde"]
[Result "1-0"]
[WhiteElo "1784"]
[BlackElo "1200"]
[Annotator "Ballarin,Gabriele"]
[PlyCount "73"]
[EventDate "1992.09.11"]
[EventType "swiss"]
[EventRounds "9"]
[EventCountry "ITA"]
[SourceTitle "EXT 1998"]
[Source "ChessBase"]
[SourceDate "1997.11.17"]
[SourceVersion "1"]
[SourceVersionDate "1997.11.17"]
[SourceQuality "1"]

1. d4 d5 2. c4 dxc4 3. Nc3 Nc6 4. Nf3 Bf5 5. e4 Bg6 6. Bxc4 e6 7. Be3 Nf6 8. d5 exd5 9. exd5 Na5 10. Qa4+ Nd7 11. Qxa5 Bd6 12. O-O O-O 13. Rac1 b6 14. Qa4 Nc5 15. Qd1 h6 16. Nb5 Be7 17. Bf4 Na6 18. Be2 Rc8 19. d6 Bf6 20. d7 Rb8 21. Nxc7 Nxc7 22. Bxc7 Qe7 23. Bxb8 Rxb8 24. Rc8+ Rxc8 25. dxc8=Q+ Kh7 26. Bd3 Be4 27. Bxe4+ Qxe4 28. Re1 Qf4 29. Qd3+ g6 30. Qf8 Qf5 31. Qxf7+ Bg7 32. Qfxf5 gxf5 33. Qxf5+ Kh8 34. Re8+ Bf8 35. Qxf8+ Kh7 36. Ne5 h5 37. Qh8# 1-0

[Event "20. Camp. Ital. Femminile"]
[Site "Formia ITA"]
[Date "1992.09.15"]
[Round "5.1"]
[White "Gramignani, Rita"]
[Black "Agosto, Erika"]
[Result "1-0"]
[WhiteElo "1930"]
[BlackElo "1884"]
[Annotator "Ballarin,Gabriele"]
[PlyCount "55"]
[EventDate "1992.09.11"]
[EventType "swiss"]
[EventRounds "9"]
[EventCountry "ITA"]

1. e4 e5 2. Nf3 Nc6 3. Bb5 Nf6 4. d3 d6 5. c3 Be7 6. Nbd2 Bg4 7. h3 Bh5 8. Nf1 h6 9. Ng3 Bxf3 10. Qxf3 Nh7 11. Bc4 O-O 12. Bb3 Bg5 13. O-O Ne7 14. Be3 c6 15. Qe2 d5 16. Bxg5 Nxg5 17. exd5 Nxd5 18. Qxe5 Re8 19. Qf5 Ne7 20. Qf4 Ng6 21. Qf5 Re5 22. Qxg6 Kf8 23. Qh5 Re7 24. d4 Rd7 25. Rfe1 Rc8 26. Ne4 Nxe4 27. Rxe4 Qf6 28. Rae1 1-0

[Event "20. Camp. Ital. Femminile"]
[Site "Formia ITA"]
[Date "1992.09.15"]
[Round "5.2"]
[White "Riegler, Alessandra"]
[Black "Brunetti, Elvira"]
[Result "1-0"]
[WhiteElo "1440"]
[BlackElo "1528"]
[Annotator "Ballarin,Gabriele"]
[PlyCount "55"]
[EventDate "1992.09.11"]
[EventType "swiss"]
[EventRounds "9"]
[EventCountry "ITA"]

1. e4 c5 2. Nf3 Nc6 3. d4 cxd4 4. Nxd4 Nf6 5. Nc3 e5 6. Nf3 Bb4 7. Bd3 d5 8. exd5 Nxd5 9. Bd2 Bxc3 10. bxc3 O-O 11. h3 Re8 12. Bc4 Be6 13. Bb3 a6 14. O-O b5 15. a4 Qc7 16. Ng5 Rad8 17. Nxe6 Rxe6 18. Qe2 Qb8 19. axb5 axb5 20. Ra3 b4 21. cxb4 Ncxb4 22. Rfa1 Ree8 23. Qe4 h6 24. Ra4 Nxc2 25. Qxc2 Qd6 26. Qa2 Qc6 27. Ra5 Nf4 28. Bxf4 1-0

[Event "20. Camp. Ital. Femminile"]
[Site "Formia ITA"]
[Date "1992.09.15"]
[Round "5.6"]
[White "Parrino, Giuseppina"]
[Black "Damasco, Rossana"]
[Result "1-0"]
[WhiteElo "1546"]
[BlackElo "1764"]
[Annotator "Ballarin,Gabriele"]
[PlyCount "113"]
[EventDate "1992.09.11"]
[EventType "swiss"]
[EventRounds "9"]
[EventCountry "ITA"]

1. e4 e5 2. Nf3 Nf6 3. Nc3 Nc6 4. Bb5 Nd4 5. Bc4 Nxf3+ 6. Qxf3 Be7 7. Qg3 O-O 8. Qxe5 Ng4 9. Qg3 d5 10. Nxd5 Bd6 11. f4 Be6 12. d3 Qd7 13. h3 Bxd5 14. Bxd5 Nf6 15. Bxb7 Rad8 16. e5 Rfe8 17. Kf1 Qe7 18. Bc6 Bc5 19. Bxe8 Ne4 20. dxe4 Rd1+ 21. Ke2 Rxh1 22. Bb5 Qd8 23. Bd3 h5 24. c3 h4 25. Qf3 a5 26. a3 a4 27. Rb1 Qb8 28. Bc2 Qb5+ 29. Qd3 Qa5 30. Qd8+ Kh7 31. Qxh4+ Kg8 32. Qd8+ Kh7 33. Qd5 Qb6 34. Qd3 Rg1 35. Qf3 Qb5+ 36. Qd3 Rxg2+ 37. Kf3 Rf2+ 38. Kg3 Qb6 39. e6 fxe6 40. e5+ Kg8 41. Qh7+ Kf8 42. Qh8+ Kf7 43. Qh5+ Kf8 44. Bg6 Ke7 45. Qg5+ Kd7 46. Be4 Rf1 47. Be3 Rxb1 48. Qxg7+ Kd8 49. Qg8+ Kd7 50. Qh7+ Kc8 51. Bxc5 Qxc5 52. Bxb1 Qg1+ 53. Kh4 Qf2+ 54. Kg5 Qxb2 55. Qg8+ Kd7 56. Qf7+ Kd8 57. Bg6 1-0

[Event "20. Camp. Ital. Femminile"]
[Site "Formia ITA"]
[Date "1992.09.15"]
[Round "5.10"]
[White "Ceccaroni, Penny"]
[Black "Fittante, Giuliana"]
[Result "0-1"]
[WhiteElo "1400"]
[BlackElo "1784"]
[Annotator "Ballarin,Gabriele"]
[PlyCount "74"]
[EventDate "1992.09.11"]
[EventType "swiss"]
[EventRounds "9"]
[EventCountry "ITA"]

1. e4 e5 2. Nf3 Nf6 3. Nc3 Bb4 4. d3 d5 5. exd5 Nxd5 6. Bd2 Nc6 7. Nxd5 Bxd2+ 8. Nxd2 Qxd5 9. Be2 Qxg2 10. Bf3 Qg6 11. Bh5 Qh6 12. Qf3 g6 13. Bg4 f5 14. Bh3 Nd4 15. Qd5 Be6 16. Qxe5 O-O-O 17. Qc5 b6 18. Qc3 Qxh3 19. O-O-O Ne2+ 20. Kb1 Nxc3+ 21. bxc3 Qh4 22. Rdf1 Qa4 23. Nb3 Bd5 24. Rhg1 Rhe8 25. c4 Bf3 26. Rg3 Bh5 27. Kb2 h6 28. a3 g5 29. Nc1 Bg6 30. Na2 Re2 31. Rc1 Rxf2 32. Nc3 Qd7 33. Nb5 Kb8 34. h4 f4 35. Rgg1 Qxd3 36. Rgd1 Rxc2+ 37. Rxc2 Qxc2+ 0-1

[Event "20. Camp. Ital. Femminile"]
[Site "Formia ITA"]
[Date "1992.09.16"]
[Round "6.5"]
[White "Perini, Gianna"]
[Black "Parrino, Giuseppina"]
[Result "1/2-1/2"]
[WhiteElo "1600"]
[BlackElo "1546"]
[Annotator "Ballarin,Gabriele"]
[PlyCount "93"]
[EventDate "1992.09.11"]
[EventType "swiss"]
[EventRounds "9"]
[EventCountry "ITA"]
[SourceTitle "EXT 1998"]
[Source "ChessBase"]
[SourceDate "1997.11.17"]
[SourceVersion "1"]
[SourceVersionDate "1997.11.17"]
[SourceQuality "1"]

1. d4 e6 2. c4 d5 3. cxd5 exd5 4. Nc3 Nf6 5. Bg5 Be7 6. Nf3 O-O 7. e3 Bg4 8. Be2 Nbd7 9. O-O c6 10. Qc2 Re8 11. Rad1 Bd6 12. Rfe1 Qc7 13. h3 Bh5 14. Nh4 Bg6 15. Nxg6 fxg6 16. Bd3 Nf8 17. a3 Qf7 18. Bxf6 Qxf6 19. e4 Qxd4 20. exd5 cxd5 21. Bf1 Qf4 22. g3 Qf7 23. Qd3 Kh8 24. Qxd5 Qxd5 25. Nxd5 Rad8 26. Bg2 h6 27. Nc3 Rxe1+ 28. Rxe1 b6 29. Rd1 Bc7 30. Rxd8 Bxd8 31. Nb5 a6 32. Nd6 Bf6 33. b4 Nd7 34. f4 Bd4+ 35. Kf1 Nf6 36. Ke2 Bb2 37. a4 Ba3 38. Nc4 Bxb4 39. Nxb6 a5 40. g4 Kg8 41. Nc4 Nd7 42. Kd3 Nc5+ 43. Kd4 Nxa4 44. Ne5 Nb6 45. Nxg6 a4 46. Be4 a3 47. Bb1 1/2-1/2

[Event "20. Camp. Ital. Femminile"]
[Site "Formia ITA"]
[Date "1992.09.16"]
[Round "6.7"]
[White "Fittante, Giuliana"]
[Black "Centofante, Maria Rosa"]
[Result "1-0"]
[WhiteElo "1784"]
[BlackElo "1200"]
[Annotator "Ballarin,Gabriele"]
[PlyCount "69"]
[EventDate "1992.09.11"]
[EventType "swiss"]
[EventRounds "9"]
[EventCountry "ITA"]
[SourceTitle "EXT 1998"]
[Source "ChessBase"]
[SourceDate "1997.11.17"]
[SourceVersion "1"]
[SourceVersionDate "1997.11.17"]
[SourceQuality "1"]

1. d4 d5 2. c4 Nf6 3. Nc3 e6 4. Bg5 Be7 5. e3 h6 6. Bh4 Nbd7 7. Nf3 c6 8. Rc1 a6 9. a3 O-O 10. Qc2 b5 11. cxb5 cxb5 12. b4 Nb6 13. Ne5 Bb7 14. f3 Nfd7 15. Bxe7 Qxe7 16. Nxd7 Nxd7 17. Bd3 Qh4+ 18. Qf2 Qe7 19. O-O e5 20. Rfe1 e4 21. fxe4 dxe4 22. Bb1 f5 23. Ba2+ Kh8 24. Ne2 Nb6 25. Nf4 Rf6 26. Rc5 Rd8 27. Rxf5 Nd5 28. Rc1 Nxf4 29. Qxf4 Rdf8 30. Rxf6 Rxf6 31. Qc7 Qxc7 32. Rxc7 Bc6 33. d5 Be8 34. Rc8 Rf8 35. d6 1-0

[Event "20. Camp. Ital. Femminile"]
[Site "Formia ITA"]
[Date "1992.09.17"]
[Round "7.3"]
[White "Agosto, Erika"]
[Black "Fittante, Giuliana"]
[Result "1/2-1/2"]
[WhiteElo "1884"]
[BlackElo "1784"]
[Annotator "Ballarin,Gabriele"]
[PlyCount "67"]
[EventDate "1992.09.11"]
[EventType "swiss"]
[EventRounds "9"]
[EventCountry "ITA"]
[SourceTitle "EXT 1998"]
[Source "ChessBase"]
[SourceDate "1997.11.17"]
[SourceVersion "1"]
[SourceVersionDate "1997.11.17"]
[SourceQuality "1"]

1. e4 e5 2. Nf3 Nf6 3. Nc3 Bb4 4. d3 d5 5. exd5 Nxd5 6. Bd2 O-O 7. Be2 Nc6 8. O-O Re8 9. Nxd5 Qxd5 10. c3 Bc5 11. b3 Bf5 12. Bg5 Qd7 13. b4 Be7 14. b5 Bxg5 15. bxc6 Qe7 16. cxb7 Rab8 17. Nxg5 Qxg5 18. Qa4 e4 19. f4 Qg6 20. dxe4 Qb6+ 21. Qd4 Bxe4 22. Qxb6 cxb6 23. Bb5 Red8 24. Rfd1 Bxb7 25. Rd7 Rxd7 26. Bxd7 Rd8 27. Rd1 Bc6 28. Bg4 Rxd1+ 29. Bxd1 Kf8 30. Kf2 Ke7 31. g3 Kd6 32. Ke3 Kc5 33. Kd3 f5 34. Kd2 1/2-1/2

[Event "20. Camp. Ital. Femminile"]
[Site "Formia ITA"]
[Date "1992.09.17"]
[Round "7.7"]
[White "Perini, Gianna"]
[Black "Chiapponi, Paola"]
[Result "0-1"]
[WhiteElo "1600"]
[BlackElo "1662"]
[Annotator "Ballarin,Gabriele"]
[PlyCount "109"]
[EventDate "1992.09.11"]
[EventType "swiss"]
[EventRounds "9"]
[EventCountry "ITA"]
[SourceTitle "EXT 1998"]
[Source "ChessBase"]
[SourceDate "1997.11.17"]
[SourceVersion "1"]
[SourceVersionDate "1997.11.17"]
[SourceQuality "1"]

1. d4 d5 2. Nf3 Nf6 3. e3 e6 4. Bd3 Nbd7 5. O-O Be7 6. Nbd2 O-O 7. Ne5 c5 8. c4 cxd4 9. exd4 dxc4 10. Ndxc4 a6 11. Be3 Nd5 12. Rc1 N7b6 13. a3 Nxc4 14. Rxc4 Bd7 15. Qe2 Bb5 16. Rc2 Ba4 17. b3 Bd7 18. b4 Ba4 19. Rcc1 Qb6 20. Nc4 Qa7 21. Qg4 f5 22. Qf3 Bc6 23. Ne5 Rac8 24. Bc4 Qa8 25. Nxc6 bxc6 26. Bf4 Qa7 27. Be5 a5 28. Ra1 Qb6 29. b5 cxb5 30. Bxd5 exd5 31. Qxd5+ Kh8 32. Qd7 Bf6 33. Bxf6 Qxf6 34. Qxb5 Qxd4 35. Qxa5 f4 36. Qb4 Qf6 37. Rab1 f3 38. gxf3 Qxf3 39. Rb3 Qf6 40. Qb6 Rc6 41. Qe3 Qf7 42. Rfb1 Rg6+ 43. Kh1 Qd5+ 44. f3 Rgf6 45. Kg2 Re6 46. Qf2 Rfe8 47. R1b2 Qd8 48. Re3 Rg6+ 49. Kh3 Qd7+ 50. Kh4 Qd8+ 51. Kh3 Qd7+ 52. Kh4 Rh6+ 53. Kg3 Qh3+ 54. Kf4 Rf6+ 55. Kg5 0-1

[Event "20. Camp. Ital. Femminile"]
[Site "Formia ITA"]
[Date "1992.09.18"]
[Round "8.1"]
[White "Chiapponi, Paola"]
[Black "Gramignani, Rita"]
[Result "1/2-1/2"]
[WhiteElo "1662"]
[BlackElo "1930"]
[Annotator "Ballarin,Gabriele"]
[PlyCount "55"]
[EventDate "1992.09.11"]
[EventType "swiss"]
[EventRounds "9"]
[EventCountry "ITA"]
[SourceTitle "EXT 1998"]
[Source "ChessBase"]
[SourceDate "1997.11.17"]
[SourceVersion "1"]
[SourceVersionDate "1997.11.17"]
[SourceQuality "1"]

1. d4 Nf6 2. c4 g6 3. Nf3 Bg7 4. g3 O-O 5. Nc3 d6 6. Bg2 c6 7. O-O Nbd7 8. Re1 e5 9. e3 Qc7 10. a4 a5 11. Rb1 Nb6 12. dxe5 dxe5 13. b3 Bg4 14. h3 Rad8 15. Qc2 Bc8 16. Bb2 Nbd7 17. Red1 Rfe8 18. Nd2 Nc5 19. Nf1 Na6 20. Rxd8 Rxd8 21. Rd1 Nb4 22. Qe2 Be6 23. Rxd8+ Qxd8 24. Ba3 Bf8 25. Bxb4 Bxb4 26. Na2 Be7 27. Nc3 Nd7 28. Qc2 1/2-1/2